Drapeaux de pays s'incluant eux memes - Statistiques

Statistiques générales
  • Ce quiz a été pris 7 fois
  • Le résultat moyen est 5 sur 8
Statistiques - réponses
Hint Réponse % Correct
Europe Pologne
86%
Europe Ukraine
86%
Asie Indonésie
71%
Europe Monaco
71%
Europe République tcheque
57%
Afrique Benin
43%
Afrique Seychelles
43%
Afrique Madagascar
29%
Aucun quiz correspondant
Distribution des résultats
% des personnes avec chaque résultat
Percentile par nombre de réponses
Votre historique - résultats
Vous n’avez pas pris ce quiz